Automación (Record no. 56631)

MARC details
000 -LEADER
campo de control de longitud fija 00724nam a2200217 i 4500
001 - NÚMERO DE CONTROL
campo de control 56631
003 - IDENTIFICADOR DE NÚMERO DE CONTROL
campo de control ES-MaACL
005 - FECHA Y HORA DE LA ÚLTIMA TRANSACCIÓN
campo de control 20230906163420.0
007 - CAMPO FIJO DE DESCRIPCIÓN FÍSICA--INFORMACIÓN GENERAL
campo de control de longitud fija t|
008 - DATOS DE LONGITUD FIJA--INFORMACIÓN GENERAL
campo de control de longitud fija 031010s1956 sp ||||1| spa d
100 1# - ENTRADA PRINCIPAL--NOMBRE DE PERSONA
Nombre de persona Diebold, John.
9 (RLIN) 44529
245 10 - MENCIÓN DEL TÍTULO
Título Automación
Resto del título : hacia la fábrica yla oficina automáticas /
Mención de responsabilidad, etc. John Diebold ; versión española de A. Torrents ; supervisión técnica y notas de Mariano de Izuzquiza.
260 ## - PUBLICACIÓN, DISTRIBUCIÓN, ETC.
Lugar de publicación, distribución, etc. Barcelona :
Nombre del editor, distribuidor, etc. Hispano Europea,
Fecha de publicación, distribución, etc. [1956] (
Fabricante Condal)
300 ## - DESCRIPCIÓN FÍSICA
Extensión 159 p. ;
Dimensiones 21 cm.
490 1# - MENCIÓN DE SERIE
Mención de serie Galileo
700 1# - ENTRADA AGREGADA--NOMBRE PERSONAL
Nombre de persona Torrents, A.
9 (RLIN) 110859
700 1# - ENTRADA AGREGADA--NOMBRE PERSONAL
Nombre de persona Izuzquiza, Mariano de.
9 (RLIN) 65754
830 0# - PUNTO DE ACCESO ADICIONAL DE SERIE-TÍTULO UNIFORME
Título uniforme Galileo
9 (RLIN) 182278
852 ## - LOCALIZACIÓN
Ubicación ES-MaACL
Número de control de estantería C-10946
Sublocalización o colección R.38994
Holdings
Estatus retirado Estado de pérdida Estado de daño No para préstamo Biblioteca de origen Biblioteca actual Ubicación en estantería Fecha de adquisición Fuente de adquisición Total de préstamos Signatura topográfica completa Código de barras Visto por última vez Precio de reemplazo Tipo de ítem Koha
        Biblioteca del Ateneo de Madrid Biblioteca del Ateneo de Madrid Sala Palomar 17/01/2008     C-10946 1059472 23/02/2023 23/02/2023 Libro impreso